| 000 | 00542nam a2200193Ia 4500 | ||
|---|---|---|---|
| 005 | 20260120124643.0 | ||
| 008 | 008 260114s9999 xx 000 0 eng d | ||
| 020 | _a9780762305292 | ||
| 037 | _aEBOOK | ||
| 040 |
_aCRL _beng _cCRL |
||
| 041 |
_aeng _2eng |
||
| 084 | _qCRL | ||
| 245 | 4 | _aThe Economics of Disability | |
| 260 |
_bEmerald Publishing _c2000 |
||
| 700 |
_aD.S. Salkever _9908875 |
||
| 856 | _uhttps://www.emerald.com/insight/publication/doi/10.1016/S0194-3960(2000)13 | ||
| 942 | _cEBOOK | ||
| 999 |
_c1500786 _d1500786 |
||